| 000 -LEADER |
| fixed length control field |
00589cam a22001817a 4500 |
| 020 ## - INTERNATIONAL STANDARD BOOK NUMBER |
| ISBN |
9251050384 (pbk.) |
| 040 ## - CATALOGING SOURCE |
| Transcribing agency |
FQG |
| 082 00 - DEWEY DECIMAL CLASSIFICATION NUMBER |
| Classification number |
631 ASN 2003 A006 Or. |
| 245 00 - TITLE STATEMENT |
| Title |
Assessment of soil nutrient balance : |
| Remainder of title |
approaches and methodologies / |
| 260 ## - PUBLICATION, DISTRIBUTION, ETC. (IMPRINT) |
| Place of publication |
Rome : |
| Name of publisher |
Food and Agriculture Organization of the United Nations, |
| Year of publication |
2003. |
| 300 ## - PHYSICAL DESCRIPTION |
| Number of Pages |
x, 87 p. : |
| Other physical details |
col. ill., col. maps ; |
| Dimensions |
30 cm. |
| 650 #0 - SUBJECT ADDED ENTRY--TOPICAL TERM |
| Topical Term |
Soil fertility. |
| 650 #0 - SUBJECT ADDED ENTRY--TOPICAL TERM |
| Topical Term |
Crops |
| 650 #0 - SUBJECT ADDED ENTRY--TOPICAL TERM |
| Topical Term |
Crops and soils. |
| 700 1# - ADDED ENTRY--PERSONAL NAME |
| Personal name |
Roy, R. N. |
| 710 2# - ADDED ENTRY--CORPORATE NAME |
| Corporate name or jurisdiction name as entry element |
Food and Agriculture Organization of the United Nations. |
| 942 ## - ADDED ENTRY ELEMENTS (KOHA) |
| Koha item type |
ADB |
| 952 ## - LOCATION AND ITEM INFORMATION (KOHA) |
| Withdrawn status [LOCAL, KOHA] |
0 |